000 00718nam a22002297a 4500
005 20170124110040.0
010 _aA-242691
020 _c00.00
035 _aA-242691
037 _bCen Lib/Ret
040 _aDPL
_bEN
082 _a883.08
_bBAS
100 _aBasu, Sankar
_923495
245 _aChekhov and tagore :
_cby Sankar Basu
_b a comparative study of their short stories /
260 _aNew Delhi
_bSterling publishers
_c1985
270 _aL-10,Green Park Extension
_bNew Delhi
_e110016
300 _a118p.
_c21m(Hb)
500 _aIncludes bibliographical reference
650 _aCriticism
_923496
650 _aCriticism and interpretation
_920064
942 _2ddc
_cEN
_h883.08
_mBAS
999 _c128469
_d128469